000 nam a22 a 4500
999 _c57029
_d57029
003 BLK
005 20220617124651.0
008 180408b bul|||||r ||||||| ||bul||
010 _aKNG00061017000
040 _aBLK
041 _aBUL
_cBUL
080 _aОтглеждане на лозите. Резитба
_b634.8:631.54
_x(035)
_z634.8:631.54(035)
100 1 _aКуртев, Пеню Т.
_eпърви автор
_9287289
139 _aКуртев, Пеню Т. и др.
_bК 94
245 1 0 _aРъководство за резитба на лозата
_cПеню Куртев; съавт. Богдан Цанков, Любомир Радулов.
250 _a2. изд.
257 _aBGR
260 _aПловдив
_bХристо Г. Данов
_c1969
300 _a212 с.
_c20 см
380 _a63
650 4 _aЛозарство - наръчници и ръководства
_9267356
653 _aлозарство
653 _aръководства
700 1 _aЦанков, Богдан
_eсъавт.
_9287290
700 1 _aРадулов, Любомир
_eсъавт.
_9369419
852 _aЦб 48922
856 4 _qpdf
856 4 _qpdf
942 _cKNG
_n0
_s1
944 _aCR
_c13.06.2004
_kЧиталня
944 _aED
_c2022-06-17
_kир
999 _d57029